| 000 | 00488nam a2200157 i 4500 | ||
|---|---|---|---|
| 001 | 89986 | ||
| 003 | ES-MaACL | ||
| 005 | 20230906180322.0 | ||
| 007 | t| | ||
| 008 | 050117s1910 fr ||||1| fre d | ||
| 100 | 1 |
_aLeduc, Stéphane. _971173 |
|
| 245 | 1 | 0 |
_aThéorie phyco-chimique de la vie et générations spontanées / _cpar Stéphane Leduc. |
| 260 |
_aParis : _bA. Poinat, _c1910 ( _eNantes : _fA. Dugas et Cie.) |
||
| 300 |
_a202 p. : _bil. ; _c22 cm. |
||
| 852 |
_aES-MaACL _jF-12940 |
||
| 999 |
_c89986 _d89986 |
||